Immigration and integration in post-industrial societies : theoretical analysis and policy-related research
Αποθηκεύτηκε σε:
| Άλλοι συγγραφείς: | |
|---|---|
| Μορφή: | Βιβλίο |
| Γλώσσα: | English |
| Δημοσίευση: |
London :
Macmillan Press; in association with Centre for Research in ethnic relations University of Warwick,
c1996
|
| Σειρά: | Migration, minorities and citizenship
|
| Θέματα: | |
| Ετικέτες: |
Προσθήκη ετικέτας
Δεν υπάρχουν, Καταχωρήστε ετικέτα πρώτοι!
|
MARC
| LEADER | 00000nam a2200000 i 4500 | ||
|---|---|---|---|
| 001 | 1/88437 | ||
| 008 | 990824s1996 eng d | ||
| 020 | |a 0-333-65114-6 | ||
| 035 | |l 10052537 | ||
| 040 | |a GR-MY-UA |b gre |e aacr | ||
| 041 | 0 | |a eng | |
| 082 | 0 | |a 303.482 | |
| 245 | 1 | 0 | |a Immigration and integration in post-industrial societies : |b theoretical analysis and policy-related research / |c Edited by Naomi Carmon |
| 260 | |a London : |b Macmillan Press; in association with Centre for Research in ethnic relations University of Warwick, |c c1996 | ||
| 300 | |a 259 p. | ||
| 490 | 1 | |a Migration, minorities and citizenship | |
| 504 | |a Includes bibliographical references and index | ||
| 650 | 0 | 0 | |a Assimilation (Sociology) |x Congresses. |
| 650 | 0 | 0 | |a Emigration and immigration |x Psychological aspects |x Congresses. |
| 700 | 1 | |a Carmon, Naomi. |4 edt | |
| 830 | 0 | |a Migration, minorities and citizenship | |
| 852 | |a INST |b LESVOS |e 19990824 |h 303.482 IMM |p 005100019766 |q 005100019766 |t BK |y 0 | ||
| 901 | |a BIBL1-1999-2 | ||
| 909 | |a Λ |b 063574 | ||
| 922 | |a 1ΕΛΗ |b 199901 |c ΚΠΣ/ΤΓ |d LEADER | ||
| 950 | |a 118-1998-10-19 | ||
| 970 | |a ΜΟΥΣΤΑΚΑ |b ΠΗΝΕΛΟΠΗ |z 1999/09/01 | ||